000 00494nam a2200181Ia 4500
003 GCL
008 140319s9999 xx 000 0 ara d
040 _aGCL /
_cGCL
082 0 4 _a150
_bى ش
100 1 _aيوسف ميخائيل اسعد
245 1 0 _aشخصيتك بين يديك /
_cيوسف ميخائيل اسعد
300 _a227 ص
490 _a
650 0 4 _aالصحة النفسية
650 0 4 _aعلم النفس
650 0 4 _aالتوافق النفسى
942 _2ddc
_cBK
999 _c42862
_d42862